[Event "Challenge"]
[Site "http://www.queenalice.com/game.php?id=24485"]
[Date "2005.8.17"]
[Round "-"]
[White "brmds"]
[Black "tenmaia"]
[Result "0-1"]
[WhiteElo "1347"]
[BlackElo "1546"]

1. e4 e5 2. Nf3 d6 3. d4 exd4 4. Nxd4 Nf6 5. Qf3 Bg4 6. Qb3 b6 7. f3 c5 8. Bb5+
Bd7 9. Bf4 cxd4 10. Na3 Be7 11. O-O-O Nc6 12. Rhe1 Na5 13. Qd3 a6 14. Bxa6 O-O
15. Qxd4 Rxa6 16. Qd3 Qc8 17. e5 Bf5 18. Qc3 Qxc3 19. bxc3 dxe5 20. Bxe5 Bxa3+
21. Kb1 Nc4 22. g4 Nxe5 23. Rxe5 Bxc2+ 24. Kxc2 b5 25. Rxb5 Be7 26. a4 Rxa4 27.
g5 Nh5 28. Rg1 g6 29. Kb3 Rfa8 30. c4 Ra3+ 31. Kc2 Ra2+ 32. Kc3 R8a3+ 33. Kd4
Rd2+ 34. Ke4 f5+ 35. Ke5 Re3# 0-1

[Event "Challenge"]
[Site "http://www.queenalice.com/game.php?id=24954"]
[Date "2005.8.20"]
[Round "-"]
[White "brmds"]
[Black "hugom"]
[Result "1-0"]
[WhiteElo "1340"]
[BlackElo "1379"]

1. e4 e5 2. Bc4 Nf6 3. d4 Nc6 4. Nf3 d6 5. Ng5 Rg8 6. Bxf7+ Ke7 7. Bxg8 Nxg8 8.
Qf3 Nh6 9. Nxh7 Bg4 10. Bg5+ Kd7 11. Qb3 Qe8 12. Nc3 Qg6 13. Qxb7 Rb8 14. Nxf8+
Rxf8 15. Nd5 Qxg5 16. Nxc7 Qd8 17. Nb5+ Ke6 18. d5+ Kf6 19. Qxc6 Kg5 20. f3 Bd7
21. Qb7 Qa5+ 22. Nc3 Qc5 23. Qxd7 Qe3+ 24. Ne2 Rf7 25. Qxd6 Rf6 26. Qxe5+ Kh4
27. g3+ Kh3 28. Qh5+ Kg2 29. Rg1+ Qxg1+ 30. Nxg1 Kxg1 31. Qh3 a5 32. Ke2# 1-0

[Event "Challenge"]
[Site "http://www.queenalice.com/game.php?id=29934"]
[Date "2005.9.22"]
[Round "-"]
[White "bm2099"]
[Black "brmds"]
[Result "1-0"]
[WhiteElo "1317"]
[BlackElo "1302"]

1. e4 Nf6 2. Nc3 d6 3. d3 Nc6 4. Nge2 a5 5. b3 b6 6. Na4 Ba6 7. Nec3 d5 8. Nxd5
Nxd5 9. exd5 Qxd5 10. c4 Qf5 11. Be3 e5 12. Qf3 Bb4+ 13. Ke2 Qd7 14. a3 O-O-O
15. axb4 Nxb4 16. Qa8# 1-0

[Event "Challenge"]
[Site "http://www.queenalice.com/game.php?id=29975"]
[Date "2005.9.22"]
[Round "-"]
[White "LL"]
[Black "brmds"]
[Result "0-1"]
[WhiteElo "1390"]
[BlackElo "1315"]

1. e4 Nf6 2. e5 Nd5 3. d4 Nc6 4. Nf3 d6 5. Bc4 dxe5 6. Nxe5 Be6 7. Bb5 Qd6 8.
Nc4 Qb4+ 9. c3 Qxb5 10. Nba3 Qa6 11. Ne5 Nxe5 12. c4 Qa5+ 13. Bd2 Nb4 14. dxe5
Qxe5+ 15. Be3 Qxb2 16. Nb5 Rd8 17. Bd4 Nc2+ 18. Kf1 Nxd4 19. Nxd4 Rxd4 20. Qa4+
Bd7 21. Qb3 Qxa1+ 22. Ke2 Qxh1 23. Qxb7 Qd1+ 24. Ke3 Qd3# 0-1

[Event "Challenge"]
[Site "http://www.queenalice.com/game.php?id=30413"]
[Date "2005.9.26"]
[Round "-"]
[White "pedrinhoIII"]
[Black "brmds"]
[Result "1-0"]
[WhiteElo "1534"]
[BlackElo "1314"]

1. e4 g6 2. d3 e5 3. f4 d6 4. fxe5 dxe5 5. Qf3 Nf6 6. Bg5 Be7 7. Nc3 Bg4 8. Qf2
Nc6 9. Bxf6 Bxf6 10. Nd5 Bh4 11. g3 Bg5 12. h4 Bh6 13. Be2 f5 14. Bxg4 Ne7 15.
Nxe7 Qxe7 16. exf5 Qb4+ 17. c3 Qxg4 18. fxg6 1-0

[Event "Challenge"]
[Site "http://www.queenalice.com/game.php?id=31933"]
[Date "2005.10.6"]
[Round "-"]
[White "brmds"]
[Black "valdir"]
[Result "0-1"]
[WhiteElo "1326"]
[BlackElo "1579"]

1. e4 e5 2. Nf3 d6 3. d4 exd4 4. Nxd4 Be7 5. Nc3 Bf6 6. Bf4 Bd7 7. Bc4 Nc6 8. e5
dxe5 9. Nxc6 Bxc6 10. Bxf7+ Kxf7 11. Be3 Bxg2 12. Rg1 Bc6 13. Qd2 h6 14. O-O-O
Qe8 15. f4 Rd8 16. Qe2 exf4 17. Qh5+ Kf8 18. Bc5+ Be7 19. Qf5+ Nf6 20. Bxa7 Ra8
21. Bd4 Qf7 22. Qxf4 Bd6 23. Qf2 Re8 24. Qh4 Re6 25. Rde1 Rxe1+ 26. Qxe1 Bxh2
27. Bc5+ Kg8 28. Rf1 Bd6 29. Bd4 Kh7 30. Qf2 Be7 31. Qf5+ g6 32. Qf4 Kg7 33.
Qxc7 Rd8 34. Qf4 Rh8 35. Be5 Rf8 0-1

[Event "Challenge"]
[Site "http://www.queenalice.com/game.php?id=31934"]
[Date "2005.10.6"]
[Round "-"]
[White "brmds"]
[Black "jordancavalera"]
[Result "1-0"]
[WhiteElo "1307"]
[BlackElo "1480"]

1. e4 e5 2. Nf3 Nc6 3. d4 exd4 4. Nxd4 Qe7 5. Nc3 Nf6 6. Qf3 d5 7. Bb5 dxe4 8.
Qe3 Bd7 9. O-O Qe5 10. Nxe4 Nxd4 11. Qd3 Bxb5 12. c4 Ba6 13. Be3 Bc5 14. Nxc5
Ne6 15. Nxe6 fxe6 16. Bd4 Qd5 17. Rfe1 Bxc4 18. Qe3 O-O 19. Rad1 Bxa2 20. Bxf6
Qb3 21. Rd3 Qb5 22. Bxg7 Kxg7 23. Qd4+ Kf7 24. Qf4+ Ke7 25. Qh4+ Ke8 26. Qxh7
Qb4 27. Qd7# 1-0

[Event "Challenge"]
[Site "http://www.queenalice.com/game.php?id=31937"]
[Date "2005.10.6"]
[Round "-"]
[White "brmds"]
[Black "AlexBoneto"]
[Result "0-1"]
[WhiteElo "1336"]
[BlackElo "1513"]

1. e4 e5 2. Nf3 Nc6 3. c3 Nf6 4. d4 Nxe4 5. Qe2 d5 6. c4 Bb4+ 7. Nc3 Nxc3 8.
bxc3 Bxc3+ 9. Bd2 Bxa1 10. dxe5 dxc4 11. Qd1 Bxe5 12. Bxc4 O-O 13. O-O Qd6 14.
Qc2 Nd4 15. Qd3 Nxf3+ 16. Qxf3 Qxd2 17. Rd1 Qh6 18. Bxf7+ Kh8 19. Bh5 Be6 20.
Qe2 Rad8 21. Re1 Qg5 22. g3 Bd4 23. h4 Qxg3+ 24. Kf1 Bh3# 0-1

[Event "Challenge"]
[Site "http://www.queenalice.com/game.php?id=31938"]
[Date "2005.10.6"]
[Round "-"]
[White "brmds"]
[Black "SGrillo"]
[Result "1-0"]
[WhiteElo "1287"]
[BlackElo "1583"]

1. e4 e5 2. Nf3 d6 3. d4 exd4 4. Nxd4 Qe7 5. Nc3 Nf6 6. Bd3 Bd7 7. Bf4 Nc6 8.
Ncb5 Qd8 9. Bc4 Nxd4 10. Qxd4 Bxb5 11. Bxb5+ c6 12. e5 dxe5 13. Qxe5+ Qe7 14.
O-O cxb5 15. Qxb5+ Kd8 16. Rad1+ Nd7 17. Rfe1 a6 18. Qxb7 Rc8 19. Rxe7 Bxe7 20.
Qxd7# 1-0

[Event "Challenge"]
[Site "http://www.queenalice.com/game.php?id=31939"]
[Date "2005.10.6"]
[Round "-"]
[White "brmds"]
[Black "ManofBlack"]
[Result "0-1"]
[WhiteElo "1327"]
[BlackElo "1390"]

1. e4 Nc6 2. Nf3 e5 3. d3 Bb4+ 4. c3 Bc5 5. Bg5 f6 6. d4 exd4 7. cxd4 Bb4+ 8.
Bd2 a5 9. Bb5 Nce7 10. O-O c6 11. Ba4 b5 0-1

[Event "Challenge"]
[Site "http://www.queenalice.com/game.php?id=31940"]
[Date "2005.10.6"]
[Round "-"]
[White "hulk"]
[Black "brmds"]
[Result "0-1"]
[WhiteElo "1503"]
[BlackElo "1360"]

1. e4 e5 2. Nf3 Nf6 3. Bd3 d5 4. O-O Ng4 5. Nc3 c6 6. h3 d4 7. Ne2 Qf6 8. c4
dxc3 9. Nxc3 Bc5 10. b4 Bxf2+ 11. Rxf2 Nxf2 12. Qe2 Nxh3+ 13. gxh3 Bxh3 14. Qe3
Qg6+ 15. Ng5 Qh5 16. Nxh3 Nd7 17. Be2 Qg6+ 18. Ng5 O-O-O 19. d3 f6 20. Qxa7 fxg5
21. Be3 g4 22. Na4 g3 23. Nb6+ Kc7 24. Na8+ Rxa8 25. Qa5+ Rxa5 26. bxa5 Rf8 27.
Rb1 g2 28. d4 Qxe4 29. a6 Qxb1+ 30. Kxg2 Qe4+ 31. Kh2 Qxe3 32. a7 Qxe2+ 33. Kg3
Rf3+ 34. Kg4 Qg2+ 35. Kh4 Rh3# 0-1

[Event "Challenge"]
[Site "http://www.queenalice.com/game.php?id=32682"]
[Date "2005.10.11"]
[Round "-"]
[White "brmds"]
[Black "bm2099"]
[Result "1-0"]
[WhiteElo "1320"]
[BlackElo "1416"]

1. e4 Nc6 2. Bc4 e6 3. d4 d6 4. Bf4 Nf6 5. Nc3 a6 6. Nf3 b5 7. Qd3 Nb4 8. Qe2
Bb7 9. a3 Nc6 10. Bb3 Nh5 11. Bg5 Be7 12. Bd2 Na5 13. O-O Bh4 14. d5 e5 15. Rae1
Qf6 16. Nxh4 Qxh4 17. f4 exf4 18. e5 O-O 19. exd6 cxd6 20. Ne4 Nxb3 21. cxb3
Bxd5 22. Nxd6 Bc6 23. Nf5 Qf6 24. Qxh5 g6 25. Nh6+ Kg7 26. Qh3 g5 27. Ng4 Qg6
28. Bc3+ Kg8 29. Nh6+ Qxh6 30. Qxh6 Rad8 31. Qg7# 1-0

[Event "Challenge"]
[Site "http://www.queenalice.com/game.php?id=33048"]
[Date "2005.10.13"]
[Round "-"]
[White "thiferri"]
[Black "brmds"]
[Result "1-0"]
[WhiteElo "1624"]
[BlackElo "1336"]

1. e4 e5 2. Nf3 Nf6 3. Nxe5 Qe7 4. d4 d6 5. Nf3 Qxe4+ 6. Be2 d5 7. Nc3 Qg6 8.
Nh4 Qxg2 9. Nxg2 Bd6 10. Nb5 Na6 11. Bf4 Bxf4 12. Nxf4 Bf5 13. Bf3 Nb4 14. Nxc7+
Kd7 15. Nxa8 Nxc2+ 16. Kd2 Nxa1 17. Qa4+ Ke7 18. Qxa7 Nb3+ 19. axb3 Rc8 20.
Nxd5+ Kf8 21. Qxb7 Rc2+ 22. Ke3 Bc8 23. Qe7+ Kg8 24. Qd8+ Ne8 25. Qxe8# 1-0

[Event "Challenge"]
[Site "http://www.queenalice.com/game.php?id=35360"]
[Date "2005.10.29"]
[Round "-"]
[White "LL"]
[Black "brmds"]
[Result "0-1"]
[WhiteElo "1514"]
[BlackElo "1418"]

1. Nf3 Nf6 2. Ne5 Ne4 3. f3 Nf2 4. Kxf2 e6 5. Nxf7 Bc5+ 6. d4 Qh4+ 7. g3 Qxd4+
8. Qxd4 Bxd4+ 9. Be3 Bxe3+ 10. Kxe3 O-O 11. Ng5 h6 12. Ne4 d5 13. Nc5 b6 14. Nb3
e5 15. Nc3 Be6 16. Bg2 d4+ 17. Nxd4 exd4+ 18. Kxd4 Nc6+ 19. Ke3 Rad8 20. Nb5 Nb4
21. h4 Nxc2+ 22. Kf2 Nxa1 23. Rxa1 c5 24. Nc7 Bc4 25. b3 Bf7 26. a4 Bxb3 27. Bh3
Rf7 28. Be6 Bxe6 29. Nxe6 Rd6 30. Nf4 c4 31. Rc1 Rc7 32. h5 g5 33. hxg6 c3 34.
e4 c2 35. e5 Rd1 36. Ne2 Rd2 37. Ke3 Rd1 38. e6 Rxc1 39. Nxc1 Kf8 40. Kd2 Rg7
41. Ne2 Rxg6 42. Kxc2 Rxe6 43. Kd3 a6 44. Nf4 Rd6+ 45. Ke4 b5 46. axb5 axb5 47.
Ke5 Ke7 48. Nd5+ Kd7 49. Nb4 Rg6 50. g4 h5 51. gxh5 Rg5+ 52. Kf6 Rxh5 53. f4 Kd6
54. Nd3 Rd5 55. Nc1 b4 56. f5 Rd1 57. Nb3 Kd5 58. Kf7 Ke5 59. f6 Rf1 60. Nc5
Rxf6+ 61. Kg7 Rd6 62. Kf7 Kd5 63. Nb3 Kc4 64. Na5+ Kc3 65. Ke7 Ra6 66. Nb7 Ra7
67. Kd6 b3 68. Nc5 b2 69. Ne4+ Kc2 70. Kc6 b1=Q 71. Nd6 Ra6+ 72. Kd5 Qb3+ 73.
Ke4 Qd3+ 74. Kf4 Rxd6 75. Ke5 Qd4+ 76. Kf5 Rf6+ 77. Kg5 Qf4+ 78. Kh5 Rh6# 0-1

[Event "tupiniquim"]
[Site "http://www.queenalice.com/game.php?id=44390"]
[Date "2005.12.20"]
[Round "-"]
[White "vsg_sampa"]
[Black "brmds"]
[Result "1-0"]
[WhiteElo "1389"]
[BlackElo "1360"]

1. e3 e5 2. Bc4 d5 3. Be2 Nf6 4. b3 Nc6 5. Bb2 Bd6 6. Bb5 O-O 7. Bxc6 bxc6 8. h3
Ba6 9. d3 Qb8 10. a3 Qb6 11. Nd2 d4 12. e4 1-0

[Event "Challenge"]
[Site "http://www.queenalice.com/game.php?id=46261"]
[Date "2006.1.3"]
[Round "-"]
[White "bm2099"]
[Black "brmds"]
[Result "1-0"]
[WhiteElo "1363"]
[BlackElo "1438"]

1. Nc3 Nf6 2. d3 e5 3. e4 Bc5 4. Be3 d6 5. Be2 c6 6. d4 exd4 7. Bxd4 Bxd4 8.
Qxd4 c5 9. Qa4+ Qd7 10. Bb5 Nc6 11. Nd5 Qg4 12. Nc7+ Ke7 13. Nxa8 Qxg2 14. Ke2
Bg4+ 15. Ke3 Qxh1 16. Nc7 Nd4 17. c3 Qxe4+ 18. Kd2 Qf4+ 19. Kd3 Be2+ 20. Nxe2
Qf3+ 21. Kd2 Ne4+ 22. Kc1 Qh1+ 23. Qd1 Qxh2 24. Nxd4 Qf4+ 25. Kc2 Qxf2+ 26. Ne2
Qf5 27. Bd3 a6 28. c4 Kd7 29. Nd5 Qf3 30. Bxe4 Qxe4+ 31. Qd3 Re8 32. Ng3 Qg2+
33. Kb3 Qh3 34. Rh1 Qg2 35. Nf4 Qe4 36. Nxe4 1-0

[Event "Challenge"]
[Site "http://www.queenalice.com/game.php?id=48889"]
[Date "2006.1.21"]
[Round "-"]
[White "FabricioMarchi"]
[Black "brmds"]
[Result "0-1"]
[WhiteElo "1691"]
[BlackElo "1382"]

1. e4 e5 2. Qh5 Nf6 3. Qxe5+ Be7 4. d3 Nc6 5. Qg3 Nh5 6. Qf3 g6 7. c3 Ne5 8. Qe3
Bg5 9. Qd4 Qf6 10. Bxg5 Qxg5 11. Nf3 Qc1+ 12. Ke2 Nf4# 0-1